01162cam a22003011 45000010008000000030004000080050017000120080041000290100017000700150014000870350019001010400030001200420012001500500020001620820020001821000051002022450099002532500049003522600119004013000081005205040030006016500025006317100033006569060045006899420012007349990015007469520099007617069777OSt20230619115252.0770902r1966uuuuenkabcf b 001 0 eng  a 66072624  aGB66-9952 a(OCoLC)3236273 aDLCcOClWdOCoLCdUkdDLC apremarc00aDT429b.M5 1966 a301.296897bMIT1 aMitchell, J. Clydeq(James Clyde),d1918-1995.14aThe Yao village:ba study in the social structure of a Nyasaland tribe,cby J. Clyde Mitchell. a[1st ed.]breprinted with minor corrections. aManchester,bpublished on behalf of the Rhodes-Livingstone Institute, Northern Rhodesia by Manchester U.P.,c1966. axviii, 238 p.bfront., 9 plates (incl. ports.) maps, tables, diagrs.c23 cm. aBibliography: p. 227-230. 0aYao (African people)2 aRhodes-Livingstone Institute a7bcbccoclcrplduencipf19gy-gencatlg 2ddccBK c1265d1265 00102ddc4070a002b002d2023-06-19l0o301.296897 MITp10000716r2023-06-19w2023-06-19yBK